Κάρολος Κουν : οι παραστάσεις

Αποθηκεύτηκε σε:
Λεπτομέρειες βιβλιογραφικής εγγραφής
Άλλοι συγγραφείς: Μαυρομούστακος, Πλάτων (Επιμελητής έκδοσης)
Μορφή: Βιβλίο
Γλώσσα:Greek
Δημοσίευση: Αθήνα : Μουσείο Μπενάκη, c2008.
Θέματα:
Ετικέτες: Προσθήκη ετικέτας
Δεν υπάρχουν, Καταχωρήστε ετικέτα πρώτοι!

MARC

LEADER 00000cam a2200000 a 4500
001 1/120955
008 200218s2008####gr | ||| |||| ||gre||
020 |a 9789608347991 
040 |a GR-MyUa  |b gre  |c GR-MyUa  |e AACR2 
041 0 |a gre 
082 7 |a 792.0233092   |2 (23) 
245 0 0 |a Κάρολος Κουν :   |b οι παραστάσεις /   |c επιστημονική επιμέλεια Πλάτων Μαυρομούστακος. 
260 |a Αθήνα :   |b Μουσείο Μπενάκη,   |c c2008. 
300 |a 489 σ. :   |b εικ. ;   |c 22 εκ. 
500 |a Περιλαμβάνει ευρετήρια. 
600 1 7 |2 nlgaf  |a Κουν, Καρολος Ε.,   |d 1908-1987. 
650 0 |a Drama  |v Bibliography  |v Catalogs. 
700 1 |a Μαυρομούστακος, Πλάτων,  |e edt 
920 |a Εύδοξος  |b Παραγγελία  |y Σύρος-ΤΜΣΠΣ  |z 2020-02 
970 |a Κοντού  |b Παρασκευή  |z 18/02/2020